000 00487nam a2200181Ia 4500
005 20250923144420.0
008 008 250917s9999 xx 000 0 eng d
037 _aTextual
040 _aDSWL
_beng
_cDSWL
041 _aeng
_2eng
084 _aS:5, H2
_qDSWL
100 _aMenniinger, Karl
_9824681
245 0 _aLove against hate
_cby Karl Menniinger
260 _aNew York
_c1942
300 _a311 p.
942 _cTEXL
_hS:5, H2
999 _c1438571
_d1438571